| 000 | 00587nam a22001937a 4500 | ||
|---|---|---|---|
| 999 |
_c59671 _d59671 |
||
| 003 | Ge_BSU | ||
| 005 | 20230331155752.0 | ||
| 008 | 230331s1996 enk||||| |||| 00| 0 eng d | ||
| 020 | _a0333516346x | ||
| 041 | _aeng | ||
| 080 | _a37.1 Sh-53 | ||
| 100 |
_aShardlow, Steven _917375 |
||
| 245 |
_aPractice Learning and Teaching / _cSteven Shardlow, Mark Doel |
||
| 264 |
_aLondon, _c1996. |
||
| 300 |
_a198 p.; _b22 cm. |
||
| 653 | _aპრაქტიკული სწავლა და სწავლება | ||
| 700 |
_aMark, Doel _eავტორი _917395 |
||
| 942 |
_2udc _cBK |
||